Normal view MARC view
  • Banerjee R.P.

Entry Personal Name

Number of records used in: 4

001 - CONTROL NUMBER

  • control field: 788

003 - CONTROL NUMBER IDENTIFIER

  • control field: OSt

005 - DATE AND TIME OF LATEST TRANSACTION

  • control field: 20160519112311.0

008 - FIXED-LENGTH DATA ELEMENTS

  • fixed length control field: 160519|| aca||aabn | a|a d

040 ## - CATALOGING SOURCE

  • Original cataloging agency: OSt
  • Transcribing agency: OSt

100 ## - HEADING--PERSONAL NAME

  • Personal name: Banerjee R.P.

670 ## - SOURCE DATA FOUND

  • Source citation: Work cat.: (OSt): Banerjee R.P., Ethics in Business and Management, 2001